| 000 | 01145cam a2200349 4500 | ||
|---|---|---|---|
| 001 | B3405 | ||
| 008 | 090401t1991 xxu||||| |||| 00| 0 eng d | ||
| 035 | _a(Sirsi) u55867 | ||
| 041 | _aeng | ||
| 050 | _a333.78 | ||
| 090 | _aRICS 1991/10ABCD | ||
| 110 |
_aInstitution and College Conferences _92330 |
||
| 245 | _aJoint RICS/RTPI conference Developing for leisure at RICS, 13 February 1991 | ||
| 260 |
_aLondon _bICC _c1991 |
||
| 300 | _a8 papers | ||
| 350 | _a24 | ||
| 520 | _aPapers by: Gordon,C. , Paumier,C. , Pryor,R.D. , Ryan,M. , Shepley,C. , Sutcliff- e,P. , Terry,B. , Welbank,M. brief notes only. Paper by Berry not printed. Details on participants, programme and paper synopsis included in A copy only. | ||
| 650 | _aCONFERENCE | ||
| 650 | _aDEVELOPMENT | ||
| 650 | _aFINANCE | ||
| 650 | _aFOOTBALL STADIA | ||
| 650 | _aHERITAGE | ||
| 650 | _aLEISURE | ||
| 650 | _aLOCAL AUTHORITIES | ||
| 650 | _aMETROCENTRE | ||
| 650 | _aROYAL INSTITUTION OF CHARTERED SURVEYORS | ||
| 650 | _aROYAL TOWN PLANNING INSTITUTE | ||
| 650 | _aSTADIA | ||
| 650 | _aWATERFRONT DEVELOPMENT | ||
| 942 | _n0 | ||
| 948 | _c04/03/1997 | ||
| 999 |
_c93664 _d93664 |
||